Responses for Show #1991 - Monday, April 12, 1993

Contestants

[<< previous game]

Denise Bodey, an English teacher from Bethlehem, Pennsylvania

Bob Daugherty, a social studies teacher from Houston, Texas

H. Bhabra, a novelist originally from Bombay, India (whose 1-day cash winnings total $6,100)

[next game >>]

Jeopardy! Round responses

HOOFED MAMMALS
TV GUIDE SAYS
5 CENTS
PLACE NAME ORIGINS
FRENCH COOKING
IN OTHER WORDS...
    $100 26
the sheep

Bob
    $100 21
Beauty and the Beast

H.
    $100 11
a nickelodeon

Bob
    $100 2
(H.: What is Carthage?)

Hannibal

H.Denise
    $100 1
the heart

Bob
    $100 16
(Denise: What are beggars?)
(Alex: No.)
(Denise: [*].)
(Alex: That's it.)

beggars can't be choosers

Denise
    $200 27
(H.: What is the elephant?)

the hippopotamus

H.Denise
    $200 22
(Alex: We're being easy today.)
[Laughter]

The Ozzie and Harriet Show (The Adventures of Ozzie and Harriet)

Bob
    $200 12
a good five-cent cigar

Bob
    $200 3
Honshu

Bob
    $200 5
vichyssoise

H.
    $200 17
(Bob: What is good fences make--fences make good neighbors?)
(Alex: You got it all in there in two segment sections.)

good fences make good neighbors

Bob
    $300 28
the zebra

Bob
    $300 23
The Donna Reed Show

Denise
    $300 13
(H.: What is a brass nickel?)

a plugged nickel

H.Denise
    $300 4
Kampuchea

H.
    $300 6
coq au vin

H.
    $300 18
(Bob: What is a diamond?)
(Denise: What is a rough diamond?)
(H.: [*].)

a diamond in the rough

H.BobDenise
    $400 29
warthog

H.
    $400 24
Green Acres

Triple Stumper
    $400 14
the buffalo

Denise
    $400 9
Katmandu

Bob
    $400 7
duck

H.
    $400 19
face the music

H.
    $500 30
a tapir

H.
    $500 25
(H.: What is Star Trek: The Next Generation?)
[Laughter]
(Denise: What is Sesame Street?)

Reading Rainbow

H.Denise
Triple Stumper
    $500 15
(H.: What is a nickel and dime?)
[Alex does not rule.]
(H.: Store?)

a five & ten cent store

H.Denise
    $500 10
Sing Sing

Bob
    $500 8
lobster

H.
    $500 20
hook, line and sinker

H.

Scores at the first commercial break (after clue 15):

H. Bob Denise
$800 $1,500 $1,300

Scores at the end of the Jeopardy! Round:

H. Bob Denise
$2,300 $2,000 $1,100

Double Jeopardy! Round responses

ATTORNEYS GENERAL
SPENCER TRACY FILMS
THE CARIBBEAN
OPERAS & OPERETTAS
THE 20th CENTURY
CHILDREN'S LITERATURE
    $200 1
(William Howard) Taft

H.
    $200 12
The Old Man and the Sea

Bob
    $200 3
(H.: What is Ponce?)

San Juan

H.Bob
    $200 2
Seville

Bob
    $200 13
Rommel

Denise
    $200 18
Gepetto

Bob
    $400 30
John Mitchell

Bob
    $400 19
Boys Town

Bob
    $400 4
(Denise: What is sugar?)

sugarcane

BobDenise
    $400 6
marionettes

Triple Stumper
    $400 14
the Golden Gloves

H.
    $400 23
Thumb

H.
    $600 29
Theodore Roosevelt

H.
    $600 20
Inherit the Wind

Bob
    $600 5
Trinidad

H.
    $600 7
(Bob: What is Yeoman of the Guard?)

The Pirates of Penzance

H.Bob
    $600 15
Cunard

H.
    $600 24
(Alex: We've got about a minute to go.)

Laura Ingalls Wilder

Triple Stumper
    $800 27
Richard Thornburgh

Triple Stumper
    $800 21
Bad Day at Black Rock

H.
    $1,000 9
(1 of) Cuba (Haiti or the Dominican Republic)

Bob
    $800 8
Engelbert Humperdinck

Bob
    $800 16
(H.: What is the Juilliard?)

Eastman

H.Denise
    $800 25
Heidi

Denise
    $1000 28
Benjamin Harrison

Denise
    $1,000 22
Judgment at Nuremburg

H.
    $1000 10
Curacao

H.
    $1000 11
Orpheus

Bob
    $1000 17
Archbishop Makarios

H.
    $1000 26
Tom Brown's Schooldays

Bob

Scores at the end of the Double Jeopardy! Round:

H. Bob Denise
$8,500 $7,800 $3,500

[wagering suggestions for these scores]

Final Jeopardy! Round responses

KINGS & QUEENS
DeniseWho was George III?
$3,500
BobWho is George III
$7,700
H.Who was George III?
$7,200
George III

Final scores:

H. Bob Denise
$15,700 $15,500 $7,000
2-day champion: $21,800 2nd place: Caribbean cruise on Cunard Countess 3rd place: Sanyo digital system + Wheel of Fortune & Jeopardy! for the Super Nintendo Entertainment System & Sega Genesis

Game dynamics:

Coryat scores:

H. Bob Denise
$8,500 $7,600 $3,500
22 R
(including 2 DDs),
7 W
22 R
(including 1 DD),
2 W
11 R,
3 W

Combined Coryat: $19,600

[game clues] [game scores] [suggest correction]

Game tape date: 1992-12-08
The J! Archive is created by fans, for fans. Scraping, republication, monetization, and malicious use prohibited; this site may use cookies and collect identifying information. See terms. The Jeopardy! game show and all elements thereof, including but not limited to copyright and trademark thereto, are the property of Jeopardy Productions, Inc. and are protected under law. This website is not affiliated with, sponsored by, or operated by Jeopardy Productions, Inc. Join the discussion at JBoard.tv.